Rimas y leyendas: versión completa

محفوظ في:
التفاصيل البيبلوغرافية
المؤلف الرئيسي: Bécquer, Gustavo Adolfo (مؤلف)
التنسيق: كتاب
اللغة:الإسبانية
منشور في: Santiago Andrés Bello 2010
الطبعة:6a. ed
الموضوعات:
الوسوم: إضافة وسم
لا توجد وسوم, كن أول من يضع وسما على هذه التسجيلة!

MARC

LEADER 00000cam a2200000 a 4500
001 UCG9470
003 CL-VaPUC
008 120316e20100000CL |||||||||||||||||spa|d
020 |a 9789561318502 
082 0 4 |a 861  |b BEC  |2 21 
100 0 |a Bécquer, Gustavo Adolfo  |e author  |9 317836 
245 1 0 |a Rimas y leyendas: versión completa 
250 |a 6a. ed 
300 |a 423 p 
942 |c BK 
945 |d 20120316 00:00:00  |a dcastane 
260 |a Santiago  |b Andrés Bello  |c 2010 
650 0 |a Poesías españolas  |9 265100 
650 0 |a Literatura española  |9 306261 
650 0 |a Leyendas españolas  |9 347160 
583 |a last modification  |c 20120316 11:38:00  |k Rodrigo Vera 
999 |c 347022  |d 347020